Central Library OPAC University of Rajshahi

বাংলাদেশে স্থানীয় ইতিহাস চর্চা / (Record no. 54526)

MARC details
000 -LEADER
fixed length control field 00992nam a2200229 a 4500
001 - CONTROL NUMBER
control field 54526
003 - CONTROL NUMBER IDENTIFIER
rucl marc code BD-RjUL
005 - DATE AND TIME OF LATEST TRANSACTION
control field 20211209080131.0
008 - FIXED-LENGTH DATA ELEMENTS--GENERAL INFORMATION
fixed length control field 161107s2011 bg ||||| |||| 00| 0 ben d
020 ## - INTERNATIONAL STANDARD BOOK NUMBER
International Standard Book Number 984560241X
Terms of availability : TK 150.00
035 ## - SYSTEM CONTROL NUMBER
System control number (BD-RjUL)54648
040 ## - CATALOGING SOURCE
Original cataloging agency BD-RjUL
Language of cataloging ben
Transcribing agency BD-RjUL
041 ## - LANGUAGE CODE
Language code of text/sound track or separate title ben
082 ## - DEWEY DECIMAL CLASSIFICATION NUMBER
Edition number 23
Classification number 954.92072
Author mark and year SIB 2011
100 ## - MAIN ENTRY--PERSONAL NAME
Personal name ছিদ্দিকী, মোহাম্মদ মুহিবউল্লাহ
9 (RLIN) 162662
245 10 - TITLE STATEMENT
Title বাংলাদেশে স্থানীয় ইতিহাস চর্চা /
Statement of responsibility, etc. মোহাম্মদ মুহিবউল্লাহ ছিদ্দিকী
260 ## - PUBLICATION, DISTRIBUTION, ETC. (IMPRINT)
Place of publication, distribution, etc. ঢাকা :
Name of publisher, distributor, etc. জাতীয় গ্রন্থ প্রকাশন,
Date of publication, distribution, etc. ২০১১
300 ## - PHYSICAL DESCRIPTION
Pagination ১১২ পৃ. ;
Size ২১ সেমি.
650 ## - SUBJECT ADDED ENTRY--TOPICAL TERM
Topical term or geographic name as entry element ইতিহাস
General subdivision গবেষণা
Geographic subdivision বাংলাদেশ
9 (RLIN) 162663
Topical term or geographic name as entry element HIstory
General subdivision Research
Geographic subdivision Bangladesh
9 (RLIN) 162664
942 ## - ADDED ENTRY ELEMENTS (KOHA)
Source of classification or shelving scheme Dewey Decimal Classification
Koha item type Books
Holdings
Lost status Source of classification or shelving scheme Damaged status Not for loan Collection code Permanent Location Current Location Shelving location Date acquired Source of acquisition Cost, normal purchase price Total Checkouts Full call number Date last seen Copy number Koha item type
  Dewey Decimal Classification     Non-fiction Central Library, University of Rajshahi Central Library, University of Rajshahi   01/12/2011 Lekhok, Rajshahi 150.00   B 954.92072 SIB 2011 07/11/2016 C-2 Books
  Dewey Decimal Classification   Not For Loan Non-fiction Central Library, University of Rajshahi Central Library, University of Rajshahi Reading Room 01/12/2011 The Author 150.00   B 954.92072 SIB 2011 05/11/2019 C-1 Books
  Dewey Decimal Classification     Non-fiction Central Library, University of Rajshahi Central Library, University of Rajshahi   01/12/2011 The Author 150.00   B 954.92072 SIB 2011 05/11/2019 C-3 Books
  Dewey Decimal Classification     Non-fiction Central Library, University of Rajshahi Central Library, University of Rajshahi   01/12/2011 The Author 150.00   B 954.92072 SIB 2011 05/11/2019 C-4 Books